[Event "Kemp og Lauritzen Chess IM 2015"]
[Site "Fredericia"]
[Date "2015.05.10"]
[Round "8"]
[White "Narmontas, Matas"]
[Black "Rydstrom, Tom"]
[Result "1/2-1/2"]
[WhiteElo "2427"]
[BlackElo "2291"]
[PlyCount "91"]
[EventDate "2015.??.??"]



1. d4 d5 2. c3 Nf6 3. Bg5 Nbd7 4. Nd2 h6 5. Bh4 e6 6. e3 Be7 7. Bd3 b6 8. f4
Bb7 9. Qc2 c5 10. Ngf3 Rc8 11. Ne5 O-O 12. O-O Ne8 13. Bxe7 Qxe7 14. Ndf3 Nd6
15. g4 Nxe5 16. Nxe5 Nc4 17. Qe2 Qh4 18. Kh1 Rc7 19. Rf2 b5 20. Rg1 Nxe5 21.
fxe5 b4 22. Rf4 Qg5 23. Qf2 Qe7 24. g5 h5 25. g6 bxc3 26. bxc3 cxd4 27. cxd4
Bc6 28. Rf1 Be8 29. h4 Rc3 30. Qe2 f5 31. exf6 gxf6 32. Bb1 e5 33. dxe5 Qxe5
34. Qg2 Kg7 35. Rf5 Qxe3 36. Rxh5 Qh3+ 37. Qxh3 Rxh3+ 38. Kg2 Bxg6 39. Bxg6
Kxg6 40. Kxh3 Kxh5 41. Rf5+ Kg6 42. Rxd5 Rc8 43. Ra5 Rc3+ 44. Kg4 Rc4+ 45. Kg3
Rc3+ 46. Kg4 1/2-1/2

[Event "Kemp og Lauritzen Chess IM 2015"]
[Site "Fredericia"]
[Date "2015.05.10"]
[Round "8"]
[White "Thogersen, Rasmus"]
[Black "Fries Nielsen, Jens Ove"]
[Result "0-1"]
[WhiteElo "2122"]
[BlackElo "2457"]
[PlyCount "78"]
[EventDate "2015.??.??"]



1. e4 d6 2. d4 a6 3. c4 Nd7 4. Nc3 e5 5. Nf3 Ne7 6. Be2 Ng6 7. Be3 c6 8. Qd2 b5
9. d5 b4 10. dxc6 bxc3 11. cxd7+ Qxd7 12. Qxc3 Bb7 13. Nd2 f5 14. f3 Be7 15.
exf5 Nf4 16. Bxf4 exf4 17. O-O O-O 18. Bd3 Bf6 19. Qa3 Bd4+ 20. Kh1 Rf6 21.
Rad1 Rh6 22. Rfe1 Qd8 23. Nf1 Qh4 24. Re2 Be3 25. Qb3 Bc6 26. c5+ Kh8 27. cxd6
Rxd6 28. Nxe3 fxe3 29. Rxe3 Ba4 30. Qb7 Rad8 31. Qf7 Qf6 32. Qxf6 gxf6 33. Rd2
Bb5 34. Bxb5 Rxd2 35. Bf1 Rxb2 36. Kg1 Rd1 37. f4 Rxa2 38. g4 Raa1 39. Rf3 a5
0-1

[Event "Kemp og Lauritzen Chess IM 2015"]
[Site "Fredericia"]
[Date "2015.05.10"]
[Round "8"]
[White "Boe, Mads"]
[Black "Ochsner, Bjorn Moller"]
[Result "1/2-1/2"]
[WhiteElo "2337"]
[BlackElo "2409"]
[PlyCount "102"]
[EventDate "2015.??.??"]



1. d4 Nf6 2. Nf3 g6 3. Bg5 Bg7 4. c3 O-O 5. Nbd2 d6 6. e3 c5 7. Bd3 b6 8. O-O
Bb7 9. Qe2 Nbd7 10. e4 cxd4 11. cxd4 h6 12. Bxf6 Nxf6 13. Ba6 Qc8 14. Bxb7 Qxb7
15. Rac1 Rac8 16. Qd3 Rfd8 17. h3 Rd7 18. Rxc8+ Qxc8 19. Nb1 b5 20. Re1 Qc4 21.
Qxc4 bxc4 22. Nbd2 d5 23. exd5 Nxd5 24. Nxc4 Nb4 25. Nce5 Rb7 26. Rc1 Bxe5 27.
dxe5 Nxa2 28. Rc2 Nb4 29. Rd2 e6 30. g3 Rb5 31. Kf1 g5 32. g4 Nc6 33. Rd6 Nb8
34. Rd2 Kg7 35. Rc2 a5 36. Kg2 Nd7 37. Re2 Kg6 38. Kg3 h5 39. h4 hxg4 40. Kxg4
Rb4+ 41. Kg3 gxh4+ 42. Nxh4+ Kh5 43. Ng2 Nc5 44. Ne3 Nd3 45. Nd1 a4 46. f3 Kg5
47. Re4 Rb3 48. Rxa4 Nxe5 49. Nc3 Nd3 50. Ra3 Rxa3 51. bxa3 Kf5 1/2-1/2

[Event "Kemp og Lauritzen Chess IM 2015"]
[Site "Fredericia"]
[Date "2015.05.10"]
[Round "9"]
[White "Gergacz, Attila"]
[Black "Adan Bermudez, Sergio"]
[Result "1/2-1/2"]
[WhiteElo "2376"]
[BlackElo "2315"]
[PlyCount "31"]
[EventDate "2015.??.??"]



1. e4 c5 2. c4 Nc6 3. f4 e6 4. Nc3 Nge7 5. Nf3 d5 6. d3 d4 7. Ne2 f5 8. e5 Ng6
9. h4 Nge7 10. h5 Ng8 11. g3 Nh6 12. Neg1 a6 13. Nh3 b5 14. b3 Rb8 15. Nf2 Be7
16. Bh3 1/2-1/2

[Event "Kemp og Lauritzen Chess IM 2015"]
[Site "Fredericia"]
[Date "2015.05.10"]
[Round "9"]
[White "Fries Nielsen, Jens Ove"]
[Black "Boe, Mads"]
[Result "1/2-1/2"]
[WhiteElo "2457"]
[BlackElo "2337"]
[PlyCount "142"]
[EventDate "2015.??.??"]



1. e3 d5 2. c4 c6 3. Nf3 Nf6 4. b4 Bf5 5. Bb2 e6 6. a3 Nbd7 7. Be2 dxc4 8. Bxc4
Nb6 9. Be2 Bd3 10. Bxd3 Qxd3 11. Ne5 Qd5 12. O-O Nc4 13. Nxc4 Qxc4 14. d3 Qh4
15. Nd2 Bd6 16. Nf3 Qh5 17. e4 Bc7 18. Qc2 O-O 19. Rab1 Rac8 20. Bd4 a6 21. Qc3
Rfd8 22. Rb3 Nd7 23. h3 e5 24. Be3 f6 25. a4 Bb6 26. Bc5 Qf7 27. Rfb1 Bc7 28.
Nd2 Nf8 29. Bxf8 Kxf8 30. b5 cxb5 31. axb5 Bb6 32. Nc4 Bd4 33. Qd2 Kg8 34. bxa6
bxa6 35. Qa2 h6 36. Rb7 Qe6 37. Qe2 Rd7 38. R7b3 Kh7 39. h4 Rf8 40. Qf3 f5 41.
Rb8 Rxb8 42. Rxb8 f4 43. h5 Rf7 44. Kh2 Qd7 45. Qh3 Qxh3+ 46. Kxh3 Re7 47. f3
Re6 48. Rb7 Kg8 49. g3 fxg3 50. Kxg3 Rf6 51. Rd7 g6 52. Rd5 gxh5 53. Nxe5 h4+
54. Kxh4 Bxe5 55. Rxe5 Rxf3 56. Rd5 Kf7 57. Kg4 Rf1 58. d4 Rf6 59. Rc5 Rf1 60.
e5 Ke6 61. Rc6+ Kd5 62. Rd6+ Ke4 63. e6 Rg1+ 64. Kh3 Kf3 65. Kh2 Rg2+ 66. Kh1
Re2 67. Rxa6 Ke4 68. Rd6 Kf3 69. Kg1 Re1+ 70. Kh2 Re2+ 71. Kg1 Re1+ 1/2-1/2

[Event "Kemp og Lauritzen Chess IM 2015"]
[Site "Fredericia"]
[Date "2015.05.10"]
[Round "9"]
[White "Ochsner, Bjorn Moller"]
[Black "Narmontas, Matas"]
[Result "1/2-1/2"]
[WhiteElo "2409"]
[BlackElo "2427"]
[PlyCount "28"]
[EventDate "2015.??.??"]



1. e4 e6 2. d4 d5 3. Nc3 Nf6 4. e5 Nfd7 5. f4 c5 6. Nf3 Nc6 7. Be3 a6 8. Qd2 b5
9. dxc5 Bxc5 10. Bd3 Bb7 11. Bf2 Qb6 12. O-O Bxf2+ 13. Rxf2 h6 14. Re1 Nc5
1/2-1/2

[Event "Kemp og Lauritzen Chess IM 2015"]
[Site "Fredericia"]
[Date "2015.05.10"]
[Round "9"]
[White "Rydstrom, Tom"]
[Black "Veng, Johnni"]
[Result "1-0"]
[WhiteElo "2291"]
[BlackElo "2290"]
[PlyCount "71"]
[EventDate "2015.??.??"]



1. e4 c5 2. Nf3 d6 3. d4 cxd4 4. Nxd4 Nf6 5. Nc3 a6 6. Bg5 Nbd7 7. Qf3 g6 8.
O-O-O Bg7 9. Be2 h6 10. Be3 Qc7 11. Kb1 Nb6 12. e5 Bg4 13. exf6 Bxf3 14. fxg7
Rg8 15. Bxf3 Rxg7 16. Bxh6 Rh7 17. Bg5 O-O-O 18. Rhe1 Rd7 19. h4 Rh8 20. Rd3
Kb8 21. g4 d5 22. h5 gxh5 23. gxh5 Rg8 24. Bc1 e5 25. Nde2 e4 26. Bf4 exd3 27.
Bxc7+ Kxc7 28. cxd3 Rg5 29. h6 f6 30. Nf4 Re5 31. Rxe5 fxe5 32. Nfxd5+ Nxd5 33.
Nxd5+ Kd6 34. Nf6 Rd8 35. h7 Rh8 36. Be4 1-0

[Event "Kemp og Lauritzen Chess IM 2015"]
[Site "Fredericia"]
[Date "2015.05.10"]
[Round "9"]
[White "Bank Friis, Carsten"]
[Black "Thogersen, Rasmus"]
[Result "1/2-1/2"]
[WhiteElo "2236"]
[BlackElo "2122"]
[PlyCount "20"]
[EventDate "2015.??.??"]



1. Nf3 g6 2. g3 Bg7 3. Bg2 c5 4. O-O Nc6 5. e4 e6 6. d3 Nge7 7. Nc3 O-O 8. Be3
b6 9. Qd2 Re8 10. d4 Ba6 1/2-1/2